000
00210nam a22000857a 4500
999
_c
11057
_d
11057
008
180810b ||||| |||| 00| 0 eng d
100
_a
Twain Mark
_9
6839
245
_a
Tom Sawyer
260
_a
New Delhi
_b
Campfire
_c
2016